| 000 | 00492 a2200169 4500 | ||
|---|---|---|---|
| 020 | _a9781439860915 | ||
| 082 | _a658.872 | ||
| 090 |
_c7206 _d7206 |
||
| 100 | _aRatner, Bruce | ||
| 245 |
_aStatistical and machine-learning data mining : techniques for better predictive modeling and analysis of big data _cBruce Ratner |
||
| 250 | _a2nd ed. | ||
| 260 |
_aNew York _bCRC Press _c2012 |
||
| 300 | _a516 p. | ||
| 650 | _aMachine--Learning | ||
| 700 | _aBruce Ratner | ||
| 942 |
_cBK _k658.872 RAT |
||
| 999 |
_c11009 _d11009 |
||